| 000 | 00390nam a22001337a 4500 | ||
|---|---|---|---|
| 082 | _aP-481 | ||
| 100 |
_aNC Abbas Haider _948265 |
||
| 245 |
_aAn Investigation on premature failure of Mardan Mill by Pass Road _cNC Abbas Haider, NC Hadir Ali |
||
| 260 |
_aRisalpur _bMCE _c2011 |
||
| 526 |
_a0 _b0 _c0 _dP_481 |
||
| 650 | _aProject | ||
| 700 |
_aMaj Dr. Jawed Iqbal _948266 |
||
| 942 |
_2ddc _cBK |
||
| 999 |
_c551259 _d551259 |
||